| 000 | 01533nam a2200337 a 4500 | ||
|---|---|---|---|
| 001 | BRCA_3231 | ||
| 005 | 20190320204157.0 | ||
| 008 | 040309s1793----enka---###---#000-0#eng-# | ||
| 041 | _aeng | ||
| 044 | _aenk | ||
| 084 |
_a532 _b.L39 _c1793 |
||
| 100 | 1 |
_aCervantes Saavedra, Miguel de _d1547-1616 _9213 |
|
| 245 | 1 | 0 |
_aThe History and Adventures of the Renowned Don Quixote _cTranslated from the Spanish of Miguel de Cervantes Saavedra to wich is Prefixed some Account of the Author´s Life by T. Smollett. |
| 250 | _a6 | ||
| 260 |
_aLondres _bA. Law _c1793 |
||
| 300 |
_a4 v. _bil. _c17 cm. |
||
| 500 | _aContenido : v.1. Primera parte. Vida de Cervantes. Nota del traductor. Prólogo del autor. -- v.2. Texto. -- v.3. Segunda parte. Prólogo de Cervantes. Aprobaciones y licencia de la edición Príncipe. -- v.4. Texto | ||
| 500 | _aEdición : Illustrated with 16 Copper-Plates Elengantly Engraved | ||
| 500 | _aSexta edición de la traducción de Smollett, copia de la quinta Lúdovik Osterc | ||
| 500 | _aEstado físico : Presentan diurex en el lomo | ||
| 500 | _aQM424 | ||
| 546 | _aTexto en : inglés | ||
| 650 | 1 | 4 |
_aNovela española _yÉpoca clásica, 1500-1700 _9215 |
| 650 | 1 | 4 |
_aLiteratura española _yÉpoca clásica, 1500-1700 _9216 |
| 650 | 1 | 4 |
_aNovela española _ySiglo XVII _9217 |
| 650 | 1 | 4 |
_aDon Quijote (Personaje ficticio) _eNovela _9218 |
| 700 | 1 |
_aSmollett, Tobias George _d1721-1771 _eTraductor _98621 |
|
| 740 | 0 | _aEl Ingenioso Hidalgo Don Quijote de la Mancha | |
| 902 | _aQFM | ||
| 942 |
_2lcc _cB |
||
| 999 |
_c2967 _d2967 |
||